মাইকেলের দু শো বছর / (Record no. 2727)

MARC details
000 -LEADER
fixed length control field 00838nam a22002177a 4500
003 - CONTROL NUMBER IDENTIFIER
control field BD-DhJNU
005 - DATE AND TIME OF LATEST TRANSACTION
control field 20260426055305.0
008 - FIXED-LENGTH DATA ELEMENTS--GENERAL INFORMATION
fixed length control field 260426b |||||||| |||| 00| 0 eng d
020 ## - INTERNATIONAL STANDARD BOOK NUMBER
International Standard Book Number 9789848801604
040 ## - CATALOGING SOURCE
Original cataloging agency BD-DhJNU
Language of cataloging ENG
Transcribing agency BD-DhJNU
Modifying agency BD-DhJNU
082 ## - DEWEY DECIMAL CLASSIFICATION NUMBER
Edition number 23
Classification number 891.441 MUT
100 ## - MAIN ENTRY--PERSONAL NAME
Personal name মুরশিদ, গোলাম
242 ## - TRANSLATION OF TITLE BY CATALOGING AGENCY
Title Two hundred years of michael /
Statement of responsibility, etc. Ghulam Murshid
245 ## - TITLE STATEMENT
Title মাইকেলের দু শো বছর /
Statement of responsibility, etc. গোলাম মুরশিদ
246 ## - VARYING FORM OF TITLE
Title proper/short title Michaeler dusho bachhar
260 ## - PUBLICATION, DISTRIBUTION, ETC.
Place of publication, distribution, etc. ঢাকা :
Name of publisher, distributor, etc. অবসর,
Date of publication, distribution, etc. 2024.
300 ## - PHYSICAL DESCRIPTION
Extent ১৫৯ পৃ. :
Other physical details চিত্র ;
Dimensions ২২ সেমি.।
650 ## - SUBJECT ADDED ENTRY--TOPICAL TERM
Topical term or geographic name entry element বাংলা কবিতা-ইতিহাস ও সমালোচনা
650 ## - SUBJECT ADDED ENTRY--TOPICAL TERM
Topical term or geographic name entry element Bengali Poetry-History and Criticism
942 ## - ADDED ENTRY ELEMENTS (KOHA)
Source of classification or shelving scheme Dewey Decimal Classification
Koha item type Books
Suppress in OPAC No
Holdings
Withdrawn status Lost status Source of classification or shelving scheme Damaged status Not for loan Collection Home library Current library Shelving location Date acquired Source of acquisition Total checkouts Full call number Barcode Date last seen Copy number Price effective from Koha item type
    Dewey Decimal Classification     Non-fiction Jagannath University Central Library Jagannath University Central Library General stacks 04/26/2026 Purchased   891.441 MUT JNUCL35566 04/26/2026 1 04/26/2026 Books